| 000 | 00916nam a2200277Ia 4500 | ||
|---|---|---|---|
| 003 | OSt | ||
| 005 | 20220918105951.0 | ||
| 006 | a|||||r|||| 00| 0 | ||
| 007 | ta | ||
| 008 | 220915b |||||||| |||| 00| 0 eng d | ||
| 020 |
_a9780230247567 _c10132.5 |
||
| 024 | _a273772 | ||
| 037 |
_b33470, 14/11/2011, Segment Book Distributors _cReference Collections |
||
| 040 |
_aARTS _cARTS _beng |
||
| 041 |
_2eng _aeng |
||
| 082 | _aP,9vN9, Q1.1-.3(RR) | ||
| 100 |
_aCrone Rosalind Ed. _94990 |
||
| 245 | 0 | _aHistory of reading | |
| 260 |
_aLondon _bPalgrave UK _c2011 |
||
| 490 | _vVol. 1 | ||
| 650 | _aLINGUISTICS | ||
| 700 |
_a Owens W. R. Ed. _94991 |
||
| 700 |
_a Towheed Shafquat Ed. _94992 |
||
| 942 |
_hP,9vN9, Q1.1-.3(RR) _cREF |
||
| 999 |
_c110441 _d110441 |
||